| 000 | 00547nam a2200169Ia 4500 | ||
|---|---|---|---|
| 008 | 140529s9999 xx 000 0 und d | ||
| 020 | _a9789712348648 | ||
| 050 |
_aHF 5635 _b.Eb16 2007 |
||
| 100 | _aEbusca, Saturnino Yadao. | ||
| 245 |
_aBookkeeping for servicing and merchandising firms : _bapplied basic accounting - practice set / _cSaturnino Yadao Ebusca |
||
| 250 | _a2007 ed. | ||
| 260 |
_aManila, Philippines : _bRex Book Store, Inc., _cc2007. |
||
| 300 |
_a394 p. ; _c28 cm. |
||
| 521 | _aBSBA | ||
| 942 |
_kLOC _cBK |
||
| 999 |
_c117637 _d117637 |
||